000 00457nam a2200157Ia 4500
999 _c11326
_d11326
003 OSt
005 20230315192044.0
008 230307s9999 xx 000 0 und d
020 _a090803000
028 _bHutchinson & Co. (Publishers) Ltd.
082 _a307.76
_bDOX
100 _aConstantinos Apostolou Doxiadis
245 0 _aEkistics: An introduction to the science of human settlements
260 _aNew York
_bHutchinson of London
_c1968
942 _2ddc